| 000 | 01090cam a2200337 i 4500 | ||
|---|---|---|---|
| 999 |
_c200447426 _d65638 |
||
| 003 | TR-AnTOB | ||
| 005 | 20240424143010.0 | ||
| 007 | ta | ||
| 008 | 151229s2015 tu b 000 0 tur d | ||
| 020 |
_a9759497808 _q(paperback) |
||
| 035 | _a(OCoLC)1017026136 | ||
| 040 |
_aSULEY _beng _erda _cSULEY _dTR-AnTOB |
||
| 041 | 0 | _atur | |
| 050 | 4 |
_aHM1106 _b.Y36 1996 |
|
| 090 |
_aHM1106 _b.Y36 1996 |
||
| 100 | 1 |
_aYamakoğlu, Cihan, _d1940- _eauthor _9127917 |
|
| 245 | 1 | 0 |
_aİnsan ilişkileri / _cCihan Yamakoğlu. |
| 246 | 1 | 4 | _aAilede, toplumda iş ve devlet hayatında insan ilişkileri beşeri münasebetler |
| 250 | _a14. baskı. | ||
| 264 | 1 |
_aAnkara : _b[publisher not identified], _c1996. |
|
| 300 |
_a222 pages ; _c20 cm |
||
| 336 |
_atext _btxt _2rdacontent |
||
| 337 |
_aunmediated _bn _2rdamedia |
||
| 338 |
_avolume _bnc _2rdacarrier |
||
| 650 | 7 |
_aKişilerarası ilişkiler _2etuturkob _929749 |
|
| 650 | 7 |
_aSosyal psikoloji _2etuturkob _98898 |
|
| 650 | 7 |
_aİnsan davranışı _2etuturkob _911277 |
|
| 942 |
_2lcc _cBK |
||